000
00312pam a2200157 a 4500
020
_c
041
_h
100
_a
Dr. A. B. Chakranarayan
245
_a
Text Book of Geology
250
_a
Ist
260
_c
2001
300
_a
270
653
_a
Geology
700
_a
Dr. Mrs. A. P. Gokhale
930
_a
198
999
_c
246051
_d
246051